000 00414nam a2200169Ia 4500
003 GCL
008 140319s9999 xx 000 0 eng d
040 _aGCL /
_cGCL
082 0 4 _a843
_bA C
100 1 _aAMSLER, JEAN
245 1 0 _aLA CHANSON DES NIBELUNGS /
_cAMSLER, JEAN
260 _a[S.N] :
_bFAYARD ،
_c1992
300 _a447 P
650 0 4 _aLITERATURE
650 0 4 _aFRENCH LITERATURE
942 _2ddc
_cBK
999 _c23444
_d23444